000 00280nam a22001337a 4500
008 170715b xxu||||| |||| 00| 0 eng d
020 _a2561454
041 _aeng
080 _22ND
_a572
100 _a24
101 _aANT
245 _aHUMAN EVOLUTION
_cKORN,N
942 _2udc
_cBK
999 _c21009
_d21009